[Event "Titled Tue 20th May Late"]
[Site "chess.com INT"]
[Date "2025.05.20"]
[Round "1"]
[White "Jimenez Salas, Maria Teresa"]
[Black "Klukin, Kirill"]
[Result "0-1"]
[WhiteTitle "WIM"]
[BlackTitle "IM"]
[WhiteElo "2137"]
[BlackElo "2407"]
[WhiteFideId "3843866"]
[BlackFideId "24199273"]
[EventDate "2025.05.20"]

1. e4 c5 2. Nf3 g6 3. d4 cxd4 4. Nxd4 Bg7 5. Be3 Nc6 6. c4 Nf6 7. Nc3 O-O 8. f3
d6 9. Qd2 a5 10. Be2 a4 11. Ndb5 Be6 12. Rc1 Qa5 13. O-O Rfc8 14. Rfd1 Nd7 15.
Nd5 Qxd2 16. Rxd2 Bxd5 17. cxd5 Nb4 18. Rxc8+ Rxc8 19. a3 Nc2 20. Bf2 Na1 21.
Bd4 Nb3 22. Rd1 Nxd4 23. Nxd4 Bxd4+ 24. Rxd4 Rc2 25. Bf1 Rxb2 26. Rxa4 Nc5 27.
Rb4 Ra2 28. a4 Rxa4 29. Rxa4 Nxa4 30. Kf2 Kg7 31. Ke3 f5 32. exf5 gxf5 33. Kd4
Kf6 34. f4 Nc5 35. Bc4 h6 36. g3 Ne4 37. Bd3 Nf2 38. Bc2 Ng4 39. h3 Nf2 40. Ke3
Ne4 41. Bxe4 fxe4 42. Kxe4 h5 43. g4 h4 44. f5 Kg5 45. Kd4 Kf4 46. Kc4 Ke5 47.
Kb5 Kxd5 48. Kb6 Ke5 49. Kxb7 d5 50. Kc6 d4 51. Kd7 Kf6 52. g5+ Kxf5 53. Kxe7
Kxg5 54. Ke6 d3 0-1

[Event "Titled Tue 20th May Late"]
[Site "chess.com INT"]
[Date "2025.05.20"]
[Round "1"]
[White "Manvelyan, Mikayel"]
[Black "Van Dael, Siem"]
[Result "1-0"]
[WhiteTitle "FM"]
[BlackTitle "FM"]
[WhiteElo "2362"]
[BlackElo "2258"]
[WhiteFideId "13310143"]
[BlackFideId "1049771"]
[EventDate "2025.05.20"]

1. e4 e5 2. Nf3 Nc6 3. Bb5 a6 4. Ba4 b5 5. Bb3 d6 6. O-O Bg4 7. c3 Qf6 8. Re1
Bxf3 9. Qxf3 Qxf3 10. gxf3 Nge7 11. d3 f5 12. f4 g5 13. fxg5 f4 14. Nd2 Kd7 15.
Nf3 h6 16. h4 Na5 17. Bf7 hxg5 18. hxg5 Rh7 19. Bb3 Rg7 20. Kg2 Nxb3 21. axb3
Ng6 22. d4 Be7 23. Rh1 Nf8 24. dxe5 Bxg5 25. exd6 cxd6 26. Nxg5 Rxg5+ 27. Kf3
Ne6 28. Bd2 Nc5 29. b4 Nb3 30. Rad1 Rf8 31. Bxf4 Rg6 32. Ke3 a5 33. Bg3 Rgf6 34.
Rh5 Rf3+ 35. Ke2 axb4 36. Rxd6+ Ke7 37. Rh7+ Ke8 38. Re6+ Kd8 39. Rb6 Kc8 40.
Rb8# 1-0

[Event "Titled Tue 20th May Late"]
[Site "chess.com INT"]
[Date "2025.05.20"]
[Round "1"]
[White "Badacsonyi, Stanley"]
[Black "Martinez Pla, Xavier"]
[Result "1-0"]
[WhiteTitle "FM"]
[BlackTitle "FM"]
[WhiteElo "2289"]
[BlackElo "2282"]
[WhiteFideId "486973"]
[BlackFideId "32074271"]
[EventDate "2025.05.20"]

1. d4 Nf6 2. c4 e6 3. Nc3 Bb4 4. e3 O-O 5. Bd2 c5 6. a3 Bxc3 7. Bxc3 Ne4 8. Ne2
b6 9. d5 Bb7 10. Qd3 exd5 11. cxd5 Re8 12. g3 d6 13. Bg2 Nxc3 14. Nxc3 Ba6 15.
Qc2 Nd7 16. O-O-O b5 17. Bf1 Qb6 18. a4 b4 19. Nb5 Nf6 20. Nc7 Qxc7 21. Bxa6 Qa5
22. Bc4 Re7 23. b3 Nd7 24. Rhe1 a6 25. e4 Rb8 26. f4 f6 27. Qd3 Nb6 28. e5 Nxa4
29. exf6 Rxe1 30. Rxe1 Nc3 31. fxg7 Qa1+ 32. Kd2 Qb2+ 33. Qc2 Qxc2+ 34. Kxc2
Kxg7 35. Re7+ Kf6 36. Re6+ Kg7 37. Rxd6 Re8 38. Rxa6 Re3 39. Re6 Rf3 40. d6 Rf2+
41. Kd3 Rf1 42. Ke3 Rd1 43. Re7+ Kf6 44. Rxh7 Kg6 45. Rd7 Kf6 46. g4 Re1+ 47.
Kf2 Rd1 48. g5+ Kf5 49. Rf7+ Kg4 50. d7 Rd2+ 51. Ke3 Rd4 52. g6 Kh3 53. g7 Nd1+
54. Kf3 Nc3 55. g8=Q 1-0

[Event "Titled Tue 20th May Late"]
[Site "chess.com INT"]
[Date "2025.05.20"]
[Round "1"]
[White "Novosel, Lovro"]
[Black "Onur, Cigdem"]
[Result "1-0"]
[WhiteTitle "FM"]
[BlackTitle "WCM"]
[WhiteElo "2346"]
[BlackElo "1966"]
[WhiteFideId "14547120"]
[BlackFideId "6346030"]
[EventDate "2025.05.20"]

1. Nf3 Nf6 2. c4 c6 3. d4 d5 4. Nc3 dxc4 5. a4 Bf5 6. Ne5 Nbd7 7. Nxc4 Nb6 8.
Ne5 Qc7 9. f3 Nfd7 10. Nxd7 Bxd7 11. e4 e5 12. Be3 a5 13. d5 Bb4 14. d6 Qd8 15.
Be2 Nc8 16. Qd2 Be6 17. Rd1 Qxd6 18. Qc2 Qe7 19. O-O O-O 20. Kh1 Nd6 21. b3 Rfd8
22. Na2 Ne8 23. Bb6 Rd7 24. Rxd7 Qxd7 25. Rd1 Qe7 26. h3 c5 27. Nxb4 cxb4 28.
Bb5 Nd6 29. Bc5 Rc8 30. Bxd6 Rxc2 31. Bxe7 g6 32. Bf6 Rc8 33. Bd7 Rc3 34. Bxe6
fxe6 35. Rd7 Rxb3 36. Rxb7 Ra3 37. Bxe5 Rxa4 38. f4 Ra2 39. g4 Re2 40. Rb5 Ra2
41. f5 exf5 42. gxf5 gxf5 43. exf5 Kf7 44. Rb7+ 1-0

[Event "Titled Tue 20th May Late"]
[Site "chess.com INT"]
[Date "2025.05.20"]
[Round "1"]
[White "Vykouk, Jan"]
[Black "Meylan, Andre"]
[Result "1/2-1/2"]
[WhiteTitle "IM"]
[BlackTitle "CM"]
[WhiteElo "2496"]
[BlackElo "2138"]
[WhiteFideId "349658"]
[BlackFideId "1301225"]
[EventDate "2025.05.20"]

1. e4 e6 2. d4 d5 3. Nc3 Nf6 4. e5 Nfd7 5. Nce2 c5 6. c3 Nc6 7. Nf3 Qb6 8. a3
Be7 9. Nf4 O-O 10. Bd3 Kh8 11. Bc2 cxd4 12. cxd4 Qa6 13. Be3 Na5 14. b4 Nc4 15.
O-O f6 16. Qd3 f5 17. h4 Nxe3 18. Qxe3 Nb6 19. h5 Nc4 20. Qd3 Bd7 21. g3 Rac8
22. Kg2 Bb5 23. a4 Bd7 24. b5 Qa5 25. Rh1 Nb2 26. Qe2 Rc3 27. Ng6+ hxg6 28.
hxg6+ Kg8 29. Rh8+ Kxh8 30. Qf1 Bg5 31. Nxg5 Kg8 32. Qh1 Rfc8 33. Qh7+ Kf8 34.
Qh8+ Ke7 35. Qxg7+ Kd8 36. Qf8+ Kc7 37. Qd6+ Kd8 38. g7 Rxg3+ 39. fxg3 Qd2+ 40.
Kh3 Qxg5 41. Qf8+ Kc7 42. Qd6+ Kd8 43. Qf8+ Kc7 44. Qd6+ Kd8 1/2-1/2

[Event "Titled Tue 20th May Late"]
[Site "chess.com INT"]
[Date "2025.05.20"]
[Round "1"]
[White "Zou, Chen"]
[Black "Garbuz, Vitaliy"]
[Result "1-0"]
[WhiteTitle "IM"]
[BlackTitle "CM"]
[WhiteElo "2443"]
[BlackElo "2224"]
[WhiteFideId "8610959"]
[BlackFideId "12990710"]
[EventDate "2025.05.20"]

1. Nf3 d5 2. d4 Nf6 3. c4 e6 4. e3 c5 5. Nc3 a6 6. cxd5 exd5 7. b3 Nc6 8. Bb2
cxd4 9. Nxd4 Bb4 10. a3 Ba5 11. b4 Bb6 12. Nxc6 bxc6 13. Be2 O-O 14. O-O d4 15.
Na4 dxe3 16. Nxb6 Qxb6 17. Bd4 Qd8 18. Bxe3 Nd5 19. Bc5 Re8 20. Bf3 Be6 21. Re1
Qd7 22. Qd4 Rad8 23. Rad1 Qc7 24. Qh4 a5 25. Bd4 axb4 26. axb4 Nxb4 27. Bxg7
Kxg7 28. Qxb4 Rxd1 29. Rxd1 c5 30. Qc3+ Kg8 31. h4 c4 32. h5 Qf4 33. Rd4 Qg5 34.
Rd1 Rd8 35. Re1 Qd2 36. Qe5 Re8 37. Re3 h6 38. Qf6 c3 39. Rxc3 Qe1+ 40. Kh2 Qxf2
41. Qf4 Qc5 42. Rxc5 1-0

[Event "Titled Tue 20th May Late"]
[Site "chess.com INT"]
[Date "2025.05.20"]
[Round "1"]
[White "Le, Quang Liem"]
[Black "Makaraci, Tunahan"]
[Result "1-0"]
[WhiteTitle "GM"]
[BlackTitle "FM"]
[WhiteElo "2729"]
[BlackElo "2233"]
[WhiteFideId "12401137"]
[BlackFideId "6356559"]
[EventDate "2025.05.20"]

1. Nf3 d5 2. c4 e6 3. e3 c5 4. b3 Nf6 5. Bb2 Nc6 6. cxd5 exd5 7. Bb5 Bd6 8. Nc3
O-O 9. Rc1 Bg4 10. Na4 Ne4 11. Bxc6 bxc6 12. h3 Bh5 13. d3 Qa5+ 14. Kf1 Nf6 15.
Bxf6 gxf6 16. g4 Bg6 17. Nh4 Qa6 18. Nf5 Bxf5 19. gxf5 Kh8 20. Qd2 Qb5 21. Ke2
Rad8 22. Rhg1 c4 23. Rg4 cxb3 24. Qc3 Be5 25. Qxb3 Qa6 26. Nc5 Qc8 27. d4 Bd6
28. Qd3 Rg8 29. Nb3 Qd7 30. Qc2 Rg5 31. f4 Rxf5 32. Qxc6 Qe7 33. Qc8 Re8 34.
Qxf5 Qxe3+ 35. Kf1 Qf3+ 36. Kg1 Qe3+ 37. Kh2 Qf2+ 38. Kh1 Qf3+ 39. Rg2 Be7 40.
Re1 Rg8 41. Re2 Qf1+ 42. Kh2 1-0

[Event "Titled Tue 20th May Late"]
[Site "chess.com INT"]
[Date "2025.05.20"]
[Round "1"]
[White "Rossi, Maximiliano"]
[Black "Boyer, Mahel"]
[Result "0-1"]
[BlackTitle "GM"]
[WhiteElo "2013"]
[BlackElo "2521"]
[WhiteFideId "113425"]
[BlackFideId "45102422"]
[EventDate "2025.05.20"]

1. e4 Nc6 2. Nf3 d5 3. exd5 Qxd5 4. c4 Qe4+ 5. Be2 Nd4 6. Nxd4 Qxd4 7. O-O Nh6
8. Nc3 c6 9. b3 e5 10. Bb2 Qh4 11. g3 Qh3 12. Re1 Bg4 13. Bf1 Qh5 14. Qc2 O-O-O
15. Rac1 Bc5 16. Ne4 Bd4 17. Bxd4 Rxd4 18. c5 Nf5 19. Bg2 Rhd8 20. Re3 Nxe3 21.
fxe3 R4d7 22. Nd6+ Rxd6 23. cxd6 Rxd6 24. Qc5 Rxd2 25. Qf8+ Rd8 26. Qxg7 Bf3 27.
g4 Qxg4 28. Qxg4+ Bxg4 29. Rf1 Be6 30. Be4 h5 31. Rf6 h4 32. Rh6 Rd1+ 33. Kf2
Rd2+ 34. Kg1 h3 35. Rh4 Rxa2 36. Rh8+ Kc7 37. Rg8 Bxb3 38. Rg3 Be6 39. Bf5 Bxf5
40. Rf3 Rg2+ 41. Kh1 Ra2 42. e4 Ra1+ 43. Rf1 Rxf1# 0-1

[Event "Titled Tue 20th May Late"]
[Site "chess.com INT"]
[Date "2025.05.20"]
[Round "1"]
[White "Wartiovaara, Oliver"]
[Black "Khodabandeh, Milad"]
[Result "1-0"]
[WhiteTitle "FM"]
[BlackTitle "CM"]
[WhiteElo "2323"]
[BlackElo "1957"]
[WhiteFideId "513024"]
[BlackFideId "12538620"]
[EventDate "2025.05.20"]

1. Nf3 Nf6 2. g3 d5 3. Bg2 c6 4. O-O Bf5 5. d3 e6 6. Nc3 Be7 7. Nh4 Bg6 8. Nxg6
hxg6 9. e4 Nbd7 10. Qe2 Qc7 11. Bf4 e5 12. Bg5 d4 13. Nb1 Qb6 14. Bc1 O-O 15.
Nd2 a5 16. a4 Qc7 17. f4 exf4 18. gxf4 Rfe8 19. e5 Nd5 20. Ne4 f5 21. Nf2 Bh4
22. Bxd5+ cxd5 23. b3 Rac8 24. Ra2 g5 25. fxg5 Rxe5 26. Qh5 Bxf2+ 27. Kxf2 Rce8
28. Bf4 Re2+ 29. Kg1 Qc3 30. g6 Nf6 31. Qxf5 Rxc2 32. Rxc2 Qxc2 33. Be5 Qe2 34.
Bxf6 Rf8 35. Qxd5+ Kh8 36. Bxg7+ Kxg7 37. Rxf8 Qg4+ 38. Qg2 Qxg2+ 39. Kxg2 Kxf8
40. h4 Kg7 41. h5 1-0

[Event "Titled Tue 20th May Late"]
[Site "chess.com INT"]
[Date "2025.05.20"]
[Round "1"]
[White "Rodriguez, Santiago"]
[Black "Harsha, Bharathakoti"]
[Result "0-1"]
[WhiteTitle "CM"]
[BlackTitle "GM"]
[WhiteElo "2252"]
[BlackElo "2532"]
[WhiteFideId "3000591"]
[BlackFideId "5078776"]
[EventDate "2025.05.20"]

1. d4 e6 2. Nf3 c5 3. e4 cxd4 4. Nxd4 a6 5. c4 Nf6 6. Bd3 Nc6 7. Nxc6 dxc6 8.
O-O e5 9. Nc3 Bc5 10. Qe2 Bg4 11. Qc2 O-O 12. a3 a5 13. Rb1 Nh5 14. b4 axb4 15.
axb4 Bd4 16. h3 Qh4 17. Be2 Be6 18. Bxh5 Qxh5 19. Ne2 Bb6 20. Ng3 Qg6 21. Nf5
Rfe8 22. c5 Bc7 23. Bb2 Qf6 24. f4 Qd8 25. fxe5 Qg5 26. Bc1 Qg6 27. Bf4 Ra2 28.
Rb2 Rxb2 29. Qxb2 Bxf5 30. exf5 Qxf5 31. Bg3 Qe6 32. Re1 Rd8 33. Qe2 h6 34. Kh2
Rd4 35. Qb2 Rd3 36. Re4 Qd5 37. Rg4 Rd2 38. Qc3 Qxg2# 0-1

[Event "Titled Tue 20th May Late"]
[Site "chess.com INT"]
[Date "2025.05.20"]
[Round "1"]
[White "Abdurakhmonov, Mukhammadali"]
[Black "Shevkunov, Vladyslav"]
[Result "0-1"]
[WhiteTitle "IM"]
[WhiteElo "2368"]
[BlackElo "2073"]
[WhiteFideId "14207346"]
[BlackFideId "30953448"]
[EventDate "2025.05.20"]

1. d4 d5 2. Nf3 Nf6 3. c4 e6 4. Nc3 a6 5. cxd5 exd5 6. Bg5 Be6 7. e3 Nbd7 8. Rc1
Bd6 9. Bd3 c6 10. O-O O-O 11. Bh4 Re8 12. Bg3 Qc7 13. a3 Bg4 14. Be2 Rac8 15.
Qb3 Bxg3 16. hxg3 Qb8 17. Rfe1 Ne4 18. Nxe4 dxe4 19. Ng5 Be6 20. Nxe6 Rxe6 21.
Bg4 Rd6 22. Bf5 Re8 23. Re2 Nf6 24. Rec2 g6 25. Bh3 h5 26. Rc5 Kg7 27. a4 Nd5
28. Qd1 Rf6 29. g4 hxg4 30. Qxg4 Qd6 31. g3 Nb4 32. Bf1 Nd5 33. a5 Rf5 34. Bg2
Qf6 35. R1c2 Rg5 36. Qe2 Rh8 37. Bxe4 Rgh5 38. Qf3 Qg5 39. Kf1 Rh1+ 0-1

[Event "Titled Tue 20th May Late"]
[Site "chess.com INT"]
[Date "2025.05.20"]
[Round "1"]
[White "Pribelszky, Bence"]
[Black "Deac, Bogdan-Daniel"]
[Result "0-1"]
[WhiteTitle "IM"]
[BlackTitle "GM"]
[WhiteElo "2400"]
[BlackElo "2668"]
[WhiteFideId "769738"]
[BlackFideId "1226380"]
[EventDate "2025.05.20"]

1. e4 c5 2. Nf3 e6 3. d4 cxd4 4. Nxd4 Nf6 5. Nc3 d6 6. Bg5 h6 7. Bh4 Be7 8. Qd2
a6 9. O-O-O Qc7 10. Bxf6 Bxf6 11. f4 Bd7 12. Kb1 Nc6 13. Nf3 Be7 14. g4 g5 15.
fxg5 hxg5 16. Nxg5 Ne5 17. Be2 O-O-O 18. Rdf1 f6 19. Nf3 Nxg4 20. Rhg1 Nxh2 21.
Nxh2 Rxh2 22. Rg7 Re8 23. Qf4 Rhh8 24. Qg3 Kb8 25. Qg6 Qc5 26. a3 Bc8 27. Qg2
Bd8 28. Rh1 Qe5 29. Rhh7 Rxh7 30. Rxh7 Qg5 31. Qf2 Rg8 32. Ka2 Qe5 33. Bxa6 f5
34. Nb5 Qc5 35. Qxc5 dxc5 36. Nd6 bxa6 37. exf5 exf5 38. b4 cxb4 39. axb4 Rf8
40. c4 f4 41. c5 f3 42. Ne4 f2 43. Nxf2 Rxf2+ 44. Kb3 Be6+ 45. Ka4 Ra2# 0-1

[Event "Titled Tue 20th May Late"]
[Site "chess.com INT"]
[Date "2025.05.20"]
[Round "1"]
[White "Garcia, Jhoel"]
[Black "Wu, Derek"]
[Result "1-0"]
[WhiteTitle "IM"]
[BlackTitle "FM"]
[WhiteElo "2304"]
[BlackElo "2232"]
[WhiteFideId "3801110"]
[BlackFideId "30914558"]
[EventDate "2025.05.20"]

1. Nf3 d5 2. g3 Nc6 3. Bg2 e5 4. d3 Nf6 5. O-O Be7 6. c4 O-O 7. cxd5 Nxd5 8. Nc3
Nb6 9. Bd2 Re8 10. Rc1 Bf8 11. a3 h6 12. Ne4 Nd4 13. Nxd4 exd4 14. Re1 c6 15. b4
Nd5 16. Nc5 b6 17. Nb3 Ne7 18. b5 Be6 19. bxc6 Rc8 20. c7 Rxc7 21. Rxc7 Bxb3 22.
Qc1 a5 23. Rb7 Nd5 24. Qb2 a4 25. Bxd5 Qxd5 26. Rxb6 Rc8 27. Rc1 Re8 28. Bb4
Bxb4 29. Rxb4 Rd8 30. Qd2 Qe5 31. Re1 Bd5 32. Qf4 Qe6 33. Rxd4 Rc8 34. e4 Ba8
35. Rc4 Rd8 36. Qe3 f5 37. Rd4 Re8 38. f3 Qb3 39. Rd7 Bc6 40. Rc7 Re6 41. Qd4
Rg6 42. exf5 Rg5 43. f6 Qc2 44. f7+ Kh7 45. Rxc6 Qxc6 46. f8=Q Qg6 47. Qff4 Rf5
48. Qxf5 Qxf5 49. Qe4 1-0

[Event "Titled Tue 20th May Late"]
[Site "chess.com INT"]
[Date "2025.05.20"]
[Round "1"]
[White "Sieciechowicz, Marcin"]
[Black "Iglesias Ferreira, Andres"]
[Result "1-0"]
[WhiteTitle "IM"]
[BlackTitle "FM"]
[WhiteElo "2410"]
[BlackElo "2279"]
[WhiteFideId "1130170"]
[BlackFideId "54507669"]
[EventDate "2025.05.20"]

1. d4 c6 2. c4 d5 3. Nf3 Nf6 4. Nc3 e6 5. Bg5 Be7 6. e3 h6 7. Bh4 O-O 8. Qc2 a6
9. cxd5 cxd5 10. Bd3 Nc6 11. a3 b5 12. Nxb5 axb5 13. Qxc6 b4 14. O-O Bd7 15. Qc2
bxa3 16. Bxf6 Bxf6 17. Rxa3 Rxa3 18. bxa3 Qa5 19. Ra1 Ba4 20. Qd2 Qxd2 21. Nxd2
Rb8 22. Kf1 Rb2 23. Ke2 Be7 24. g4 g6 25. h3 Kf8 26. Ke1 Bh4 27. Rb1 Bxf2+ 28.
Ke2 Rxb1 29. Nxb1 Bh4 30. Nc3 Bd7 31. Bb5 Ke7 32. Kd3 Kd6 33. a4 Bd8 34. e4 Ba5
35. e5+ Kc7 36. Bxd7 Kxd7 37. Nb5 Bd8 38. Nd6 f6 39. Nf7 Be7 40. Nxh6 fxe5 41.
dxe5 Bg5 42. Nf7 Bf4 43. h4 Ke7 44. a5 Bg3 45. a6 Bf2 46. Nd6 Kd7 47. h5 gxh5
48. gxh5 Kc6 49. h6 Bg3 50. h7 Bxe5 51. a7 Kxd6 52. a8=Q 1-0

[Event "Titled Tue 20th May Late"]
[Site "chess.com INT"]
[Date "2025.05.20"]
[Round "1"]
[White "Diaz Cesar, Wilsaida Pieranlly"]
[Black "Smirnov, Alexandr A."]
[Result "0-1"]
[WhiteTitle "WFM"]
[BlackTitle "FM"]
[WhiteElo "1892"]
[BlackElo "2136"]
[WhiteFideId "6403557"]
[BlackFideId "24104396"]
[EventDate "2025.05.20"]

1. e4 d5 2. exd5 Qxd5 3. Nc3 Qd6 4. Nf3 Nf6 5. Bc4 a6 6. d3 b5 7. Bb3 Bb7 8. O-O
Nbd7 9. Re1 e6 10. a4 b4 11. Ne4 Nxe4 12. dxe4 Qxd1 13. Rxd1 Bxe4 14. Ng5 Bg6
15. Bf4 e5 16. Bg3 Bd6 17. Bd5 Rb8 18. f4 h6 19. fxe5 Nxe5 20. Bxe5 Bxe5 21. Re1
hxg5 22. Rxe5+ Kd7 23. Bb3 Rb6 24. Rf1 f6 25. Rd5+ Rd6 26. Rfd1 Re8 27. Kf2 Kc6
28. Bc4 Rxd5 29. Bxd5+ Kb6 30. Bb3 Re7 31. h3 a5 32. Rd8 Bf7 33. Bxf7 Rxf7 34.
b3 Re7 35. g3 Kc5 36. Ra8 Kb6 37. Rb8+ Ka7 38. Rg8 Kb7 39. Rd8 c5 40. Rd2 Kc6
41. Kf3 f5 42. g4 f4 43. Rh2 Re3+ 44. Kf2 Rc3 45. Ke1 Kd5 46. Kd2 Ke4 47. Re2+
Re3 48. Rf2 Rxh3 49. Re2+ Re3 50. Rh2 Kf3 51. Rh5 Kxg4 52. Rh7 Re7 53. Rxg7 Rxg7 0-1

[Event "Titled Tue 20th May Late"]
[Site "chess.com INT"]
[Date "2025.05.20"]
[Round "1"]
[White "Kravtsiv, Martyn"]
[Black "Luong Phuong Hanh"]
[Result "1-0"]
[WhiteTitle "GM"]
[BlackTitle "WIM"]
[WhiteElo "2598"]
[BlackElo "2144"]
[WhiteFideId "14113147"]
[BlackFideId "12401013"]
[EventDate "2025.05.20"]

1. e4 c5 2. Nc3 g6 3. d4 cxd4 4. Qxd4 Nf6 5. Bg5 Nc6 6. Qd2 d6 7. O-O-O Bg7 8.
Bh6 Bxh6 9. Qxh6 Qa5 10. Nf3 Be6 11. a3 Rc8 12. h3 a6 13. Qe3 O-O 14. Ng5 Ne5
15. Nxe6 fxe6 16. f4 Nc4 17. Bxc4 Rxc4 18. e5 dxe5 19. Qxe5 Qb6 20. Rhe1 Rc6 21.
Re2 Rfc8 22. g4 Qc7 23. Kb1 Qb6 24. Ka1 Qc7 25. Rd3 b5 26. Kb1 Qb6 27. f5 b4 28.
axb4 Qxb4 29. fxg6 hxg6 30. g5 Rb6 31. b3 Nh5 32. Rf2 Rbc6 33. Qe4 Qxe4 34. Nxe4
Rb6 35. Kb2 e5 36. Nc3 Nf4 37. Re3 Kg7 38. h4 Nh5 39. Rxe5 e6 40. Ne4 Rbc6 41.
Ra5 Ng3 42. Nxg3 e5 43. Rxe5 1-0

[Event "Titled Tue 20th May Late"]
[Site "chess.com INT"]
[Date "2025.05.20"]
[Round "1"]
[White "Noy, Eyal"]
[Black "Ponizil, Cyril"]
[Result "0-1"]
[WhiteTitle "FM"]
[BlackTitle "IM"]
[WhiteElo "2346"]
[BlackElo "2450"]
[WhiteFideId "2821117"]
[BlackFideId "322202"]
[EventDate "2025.05.20"]

1. e4 c5 2. Nf3 e6 3. c3 d5 4. e5 d4 5. d3 Nc6 6. g3 Nge7 7. Bg2 Nf5 8. O-O Be7
9. Qe2 h5 10. h3 b6 11. Nh4 Bb7 12. Nxf5 exf5 13. e6 f6 14. Nd2 h4 15. Nc4 hxg3
16. fxg3 g6 17. Bf4 b5 18. Nd2 Qb6 19. c4 a6 20. cxb5 axb5 21. a4 bxa4 22. Nc4
Qd8 23. Qc2 Nb4 24. Qe2 Bxg2 25. Qxg2 Qd5 26. b3 Qxg2+ 27. Kxg2 Nxd3 28. bxa4
Nxf4+ 29. gxf4 O-O 30. a5 Ra6 31. Rab1 Rxe6 32. Rfe1 Rxe1 33. Rxe1 Kf7 34. a6
Ra8 35. Ra1 Ra7 36. Nb6 Bd8 37. Nc8 Ra8 38. a7 Rxc8 39. a8=Q Rxa8 40. Rxa8 Be7
41. Kf3 Ke6 42. Rg8 c4 43. Rxg6 d3 44. Ke3 Bc5+ 45. Kd2 Bb4+ 46. Ke3 Be7 47. Kd4
Bc5+ 48. Kc3 Be3 49. Kxc4 d2 50. Rg8 d1=Q 51. Re8+ Kf7 52. Rxe3 Qf1+ 53. Kc3
Qxf4 54. Kd3 Qd6+ 55. Ke2 f4 56. Rd3 Qe5+ 57. Kf2 f5 58. Kf3 Qe4+ 59. Kf2 Qxd3 0-1

[Event "Titled Tue 20th May Late"]
[Site "chess.com INT"]
[Date "2025.05.20"]
[Round "1"]
[White "Bahmani, Koorosh"]
[Black "Nguyen, Ngoc Truong Son"]
[Result "0-1"]
[WhiteTitle "CM"]
[BlackTitle "GM"]
[WhiteElo "2208"]
[BlackElo "2632"]
[WhiteFideId "42576750"]
[BlackFideId "12401110"]
[EventDate "2025.05.20"]

1. Nf3 Nf6 2. g3 e6 3. Bg2 d5 4. d4 Be7 5. O-O O-O 6. c4 dxc4 7. Na3 c5 8. Nxc4
Nbd7 9. b3 Nb6 10. Nce5 Nbd5 11. Bb2 Bd7 12. Nxd7 Nxd7 13. Rc1 Rc8 14. e3 Qa5
15. a3 cxd4 16. Nxd4 N7f6 17. Qd3 h6 18. b4 Qa4 19. Nb3 a6 20. Nc5 Bxc5 21. bxc5
Rfd8 22. Qe2 Qb5 23. Qxb5 axb5 24. Bd4 Ra8 25. Rb1 Ra5 26. Rb3 Rda8 27. Rfb1
Rxa3 28. Rxa3 Rxa3 29. Rxb5 Nc3 30. Bxc3 Rxc3 31. Bxb7 Kf8 32. Bf3 g5 33. h3 Kg7
34. Kg2 Rc2 35. Bb7 g4 36. hxg4 Nxg4 37. c6 Nxe3+ 38. Kf3 Nd5 39. Rb3 Kf6 40.
Kg2 Ke5 41. Rf3 f5 42. Rd3 h5 43. Rd1 Ne3+ 44. Kf3 Nxd1 0-1

[Event "Titled Tue 20th May Late"]
[Site "chess.com INT"]
[Date "2025.05.20"]
[Round "1"]
[White "Wiebe, Isaac"]
[Black "Vlassov, Nikolai"]
[Result "1-0"]
[BlackTitle "IM"]
[WhiteElo "2085"]
[BlackElo "2291"]
[WhiteFideId "2623862"]
[BlackFideId "4103360"]
[EventDate "2025.05.20"]

1. d4 Nf6 2. c4 Nc6 3. Nf3 e6 4. Nc3 Bb4 5. Qc2 d6 6. Bd2 O-O 7. a3 Bxc3 8. Bxc3
Qe7 9. e4 e5 10. d5 Nb8 11. Bd3 c6 12. O-O cxd5 13. cxd5 Nh5 14. Bd2 Bg4 15. Be2
Nf4 16. Bxf4 exf4 17. Nd4 Rc8 18. Qd3 Bd7 19. Rac1 Na6 20. b4 Nc7 21. f3 Ne8 22.
Qd2 Qe5 23. Bb5 Nf6 24. Bxd7 Nxd7 25. Ne2 g5 26. Nd4 h5 27. Nf5 Kh7 28. Rxc8
Rxc8 29. Rc1 Rxc1+ 30. Qxc1 Nf6 31. h4 g4 32. Kh2 Nxd5 33. Qc4 g3+ 34. Kh3 Qa1
35. Nxg3 fxg3 36. Qxd5 Kg7 37. Qg5+ Kf8 38. Qd8+ Kg7 39. Qg5+ Kf8 40. Qxh5 Qxa3
41. Qh6+ Ke7 42. Qg5+ Kf8 43. Qd8+ Kg7 44. Qxd6 a5 45. Qe5+ f6 46. Qxa5 1-0

[Event "Titled Tue 20th May Late"]
[Site "chess.com INT"]
[Date "2025.05.20"]
[Round "1"]
[White "Szpar, Milosz"]
[Black "Reprintsev, Alexander"]
[Result "1-0"]
[WhiteTitle "IM"]
[BlackTitle "IM"]
[WhiteElo "2475"]
[BlackElo "2256"]
[WhiteFideId "1184989"]
[BlackFideId "14100541"]
[EventDate "2025.05.20"]

1. e4 e5 2. Nf3 Nc6 3. Bb5 a6 4. Ba4 Bc5 5. O-O Nge7 6. c3 Ba7 7. d4 Ng6 8. Bg5
f6 9. Be3 O-O 10. Bb3+ Kh8 11. Nbd2 d6 12. Re1 Bd7 13. Nf1 a5 14. Ng3 b5 15. a4
b4 16. Bc4 bxc3 17. bxc3 Rb8 18. d5 Bxe3 19. dxc6 Bxf2+ 20. Kxf2 Bxc6 21. Kg1
Rb2 22. Ra2 Qb8 23. Qa1 Qb6+ 24. Kh1 Rxa2 25. Qxa2 Rb8 26. Nh5 Qb7 27. Bd5 Bxd5
28. Qxd5 Qxd5 29. exd5 Ne7 30. c4 Rb4 31. Rc1 Kg8 32. g4 Kf7 33. Kg2 Rxa4 34.
Ng3 Ra2+ 35. Kf1 a4 36. Ne2 a3 37. Nc3 Rb2 38. Ke1 Ng6 39. Ra1 Rb3 40. Kd2 Nf4
41. Ra2 g6 42. Kc2 Rb4 43. Nd2 Rb2+ 44. Rxb2 axb2 45. Kxb2 Nd3+ 46. Kc2 Nf2 47.
Nb5 Nxg4 48. Nxc7 Nxh2 49. Ne4 h5 50. Nxd6+ Ke7 51. c5 h4 52. Ne4 h3 53. d6+ Kd8
54. c6 Nf3 55. Ne6+ Ke8 56. d7+ Kf7 57. d8=Q Kxe6 58. Qd7# 1-0

[Event "Titled Tue 20th May Late"]
[Site "chess.com INT"]
[Date "2025.05.20"]
[Round "1"]
[White "Haug, Havard"]
[Black "Mottola, Max"]
[Result "1-0"]
[WhiteTitle "FM"]
[WhiteElo "2354"]
[BlackElo "2128"]
[WhiteFideId "1547887"]
[BlackFideId "30985862"]
[EventDate "2025.05.20"]

1. e4 d5 2. Nc3 dxe4 3. Nxe4 Bf5 4. Ng3 Bg6 5. d4 e6 6. Nf3 Nf6 7. c3 Be7 8. Bd3
Bxd3 9. Qxd3 O-O 10. O-O c5 11. Bg5 Nc6 12. Rad1 cxd4 13. Nxd4 Nxd4 14. Qxd4
Qxd4 15. Rxd4 Rfd8 16. Rfd1 h6 17. Bxf6 Bxf6 18. Rd7 Kf8 19. Ne4 Be7 20. Kf1 Ke8
21. Rxd8+ Rxd8 22. Rxd8+ Kxd8 23. Ke2 f5 24. Nd2 Kc7 25. Kd3 b5 26. c4 a6 27. b3
Kc6 28. cxb5+ axb5 29. a4 bxa4 30. bxa4 Kc5 31. Nb3+ Kb4 32. Nd4 Kxa4 33. Nxe6
g5 34. Nd4 f4 35. Nf5 Bf8 36. Nd4 Kb4 37. Ke4 Kc3 38. Ne6 Ba3 39. g3 fxg3 40.
fxg3 Kd2 41. Nd4 Bb2 42. Nf5 h5 43. Nd6 Ke2 44. Kf5 Kf2 45. Kxg5 Kg2 46. Kxh5
Kxh2 47. g4 Be5 48. Ne4 Bf4 49. Kg6 Kg2 50. Kf5 Bc1 51. Nc3 Kf3 52. Nd5 Bd2 53.
Nc7 Bc1 54. Ne6 Bd2 55. Nd4+ Kg3 56. Nb3 Be3 57. Na5 Bc1 58. Nc4 1-0